1623 1626 1548 1549 1900 1207 1055 1547 1115 1712 1230 1731 1016 1036 1441 1783 1161 1352 1180 1310 1233 1179 1802 1171 1980 1694 1370 1249 1727 1460 1156 1231 1651 1026 1486 1912 1855 1008 1818 1573 1063 1006 1692 1820 1541 1586 1522 1015 1402 1004 1380 1608 1007 1890 1795 1623 1730 1291 1885 1842 1389 1124 1245 1084 1182 1536 1004 1796 1759 1838 1149 1412 1089 1302 1814 1400 1571 1114 1664 1464 1287 1409 1142 1303 1892 1455 1600 1921 1570 1664 1365 1586 1588 1753 1899 1099 1216 1477 1714 BCNSPRNW ULIB Ver.6.0+V

เปลี่ยนเป็นภาษาไทย

Change to English
 แสดงรายละเอียดบรรณานุกรม
  กลับหน้าหลัก

Brief Record : Get Marc (ISO 2709) : E-mail record : QR code < ปิดหน้าต่าง
LEADER : 00000nam 2200000uu 4500
001    13399128500
003     ULIB
008    230830s2565||||th 000 0 tha d
020 ^  ^a9786161849887 :^c(pbk.)
050 0  ^aPT2665 ^bอ73ม
100 1  ^aเอ็นเด้, มิชาเอ็ล.
245 1  ^aโมโม่ =^bMomo /^cมิชาเอ็ล เอ็นเด้, เขียนและวาดภาพประกอบ ; ชินนรงค์ เนียวกุล, แปลจากภาษาเยอรมัน.
246 3  ^aMomo
250 ^  ^aพิมพ์ครั้งที่ 17.
260 ^  ^aกรุงเทพฯ :^bแพรวเยาวชน,^c2565.
300 ^  ^a282 หน้า :^bภาพประกอบ ;^c19 ซม.
505 2  ^aตอนที่หนึ่ง : โมโม่และเพื่อนๆ --^tตอนที่สอง: ผู้ชายสีเทา --^tตอนที่สาม : ดอกไม้ชั่วโมง.
650 ^  ^aวรรณกรรมแปล.
650 ^  ^aวรรณกรรมสำหรับเด็ก.
700 0  ^aชินนรงค์ เนียวกุล.
945    ^p265^l0^i010263
999    ^aประนอม เกษจรัล
รายการนี้ยังไม่มีแท็ก
คุณยังไม่ได้ล็อกอิน คุณสามารถมีกิจกรรมร่วมกับเว็บไซต์ได้ แต่ต้องล็อกอินก่อน ::
  ล็อกอิน

รายการสื่อสารสนเทศ

ลำดับที่ ประเภท เลขเรียก/บาร์โค้ด สถานที่ สถานะ
1. การศึกษาทั่วไป
การศึกษาทั่วไป
PT2665 อ73ม ฉ.1 
  Barcode: 010263
ห้องสมุดวิทยาเขตสวรรค์ประชารักษ์
►หนังสือทั่วไป
บนชั้น

รายการใกล้เคียง
    ผู้แต่ง [เอ็นเด้, มิชาเอ็ล.]

    หัวเรื่อง [วรรณกรรมแปล.]
    หัวเรื่อง [วรรณกรรมสำหรับเด็ก.]

BibComment


ยังไม่เคยถูกคอมเมนท์

คอมเมนท์ทรัพยากรรายการนี้
  คอมเมนท์: โมโม่ Momo มิช..


 Copyright 2026. Bcnsprnw @Library